000 00373nam a2200157Ia 4500
008 230917s9999||||xx |||||||||||||| ||und||
040 _e107627
_aMAIN
041 _aEnglish
082 _a658.3 M741P
100 _aMonappa, Arun
245 0 _aPesonnel management
250 _a2nd ed.
260 _aNew Delhi
_bTata McGraw-Hill
_c1998
300 _a416 p.
942 _cBK
999 _c120428
_d120428